Adtributio e contributio: problemi del sistema politico-amministrativo dello stato romano
Saved in:
| Main Author: | |
|---|---|
| Format: | Book |
| Language: | Italian |
| Published: |
Pisa
Nistri-Lischi
1966
|
| Series: | Studi di Lettere. Storia e Filosofia, 28
|
| Subjects: | |
| Tags: |
Add Tag
No Tags, Be the first to tag this record!
|
MARC
| LEADER | 00000nam a2200000 a 4500 | ||
|---|---|---|---|
| 001 | UCP9470 | ||
| 003 | CL-VaPUC | ||
| 005 | 20240524130209.0 | ||
| 008 | 000324e19660000IT |||||||||||||||||ita|d | ||
| 999 | |c 286282 |d 286280 | ||
| 040 | |c Pontificia Universidad Católica de Valparaíso | ||
| 082 | 0 | 4 | |a 937 |b LAF |2 21 |
| 100 | |a Laffi, Umberto |e autore |9 889070 | ||
| 245 | 1 | 0 | |a Adtributio e contributio: problemi del sistema politico-amministrativo dello stato romano |
| 260 | |a Pisa |b Nistri-Lischi |c 1966 | ||
| 300 | |a 223 p | ||
| 490 | 0 | |a Studi di Lettere. Storia e Filosofia, 28 | |
| 583 | |a last modification |c 20170509 05:30:01 |k Rodrigo Vera | ||
| 650 | 0 | |a Historia antigua |9 267521 | |
| 650 | 7 | |a ROMA |2 CL-VaPUC |9 317375 | |
| 650 | 0 | |a Civilización romana |9 438909 | |
| 650 | 7 | |a SISTEMA POLITICO |2 CL-VaPUC |9 373559 | |
| 650 | 0 | |a Estado |9 255503 | |
| 650 | 0 | |a Administración del Estado |9 391238 | |
| 942 | |c BK |2 ddc | ||
| 945 | |d 20000324 00:00:00 |a rherrera | ||
| 952 | |0 0 |1 0 |4 0 |6 937_000000000000000_LAF_1966 |7 0 |8 A |9 331806 |a BIBHIS |b BIBHIS |d 2019-11-20 |i 1260332 |o 937 LAF 1966 |p 1260332 |r 2025-01-20 |w 2019-11-20 |y BK |k HIS | ||